000 00782cam a2200265 a 4500
001 146432
003 OSt
005 20180921
008 0000002003 ck A 0000000000 00
020 _a[sin ISBN]
245 _aDiccionario de especialidades odontológicas (DEOD 2003
250 _a14ed
260 _aBogotá :
_bThomson
300 _a216 p.
504 _aIncluye índice
650 _aEquipos dentales
_aEspecialidades odontologicas
_aFarmacologia
_aFarmacología odontologica
_aMedicamentos
_aOdontología
_aTerapeutica
040 _aDLC
_cDLC
942 _2ddc
_cBK
999 _c146432
_d14643200